[Event "Cto de Aragón Eq Fase II"]
[Site "Aragón"]
[Date "2016.04.09"]
[Round "10.20"]
[White "Labrador Postigo, Francisco M"]
[Black "Carruez Gracia, Eduardo"]
[Result "1-0"]
[WhiteElo "1893"]
[BlackElo "1938"]
[PlyCount "101"]
[EventDate "2016.??.??"]
[WhiteTeam "El Olivar B"]
[BlackTeam "Agrupacion B"]

1. d4 Nf6 2. Bg5 e6 3. e4 Be7 4. Bxf6 Bxf6 5. e5 Be7 6. Bd3 c5 7. Qg4 Qa5+ 8.
Nd2 g6 9. Ngf3 d5 10. c3 Qb6 11. Rb1 Bd7 12. O-O Bb5 13. c4 dxc4 14. Nxc4 Bxc4
15. Bxc4 Qb4 16. Rfc1 Nc6 17. a3 Qa4 18. dxc5 O-O 19. Bxe6 Qxg4 20. Bxg4 Rad8
21. b4 Rd3 22. b5 Nd8 23. c6 Ne6 24. Bxe6 fxe6 25. Rd1 Rxa3 26. Rd7 Bc5 27. c7
Rc3 28. h4 Bb6 29. Rbd1 Bxc7 30. Re7 Bd8 31. Rxb7 Rc7 32. Rxc7 Bxc7 33. Rd7 Rf7
34. Rxf7 Kxf7 35. Ng5+ Ke7 36. f4 Bb6+ 37. Kf1 h6 38. Ne4 Be3 39. g3 Bd4 40.
Ke2 Bb6 41. Kf3 Bd8 42. Nd6 Bb6 43. Nc8+ Kf7 44. Nxb6 axb6 45. Kg4 Kg7 46. h5
Kf7 47. hxg6+ Kxg6 48. Kh4 Kf5 49. Kh5 Ke4 50. Kxh6 Kf3 51. Kg5 1-0

[Event "Cto Aragón Eq Play-off Preferente"]
[Site "Aragón"]
[Date "2016.04.09"]
[Round "10.21"]
[White "Accattato Martin, Mario"]
[Black "Cifuentes Parada, Roberto"]
[Result "1/2-1/2"]
[WhiteElo "2240"]
[BlackElo "2469"]
[PlyCount "115"]
[EventDate "2016.04.09"]
[WhiteTeam "Monzon"]
[BlackTeam "Jaque"]

1. e4 c5 2. Nf3 e6 3. d4 cxd4 4. Nxd4 Nf6 5. Nc3 d6 6. g3 Nc6 7. Bg2 Bd7 8. O-O
Be7 9. Ndb5 Qb8 10. Bf4 Ne5 11. a4 a6 12. Nd4 Qc7 13. Qe2 O-O 14. Rad1 Rab8 15.
h3 Rfc8 16. g4 h6 17. Bc1 Qc4 18. f4 Qxe2 19. Ndxe2 Ng6 20. e5 Ne8 21. exd6
Nxd6 22. f5 Ne5 23. Bf4 f6 24. Bxe5 fxe5 25. f6 gxf6 26. Ne4 Rxc2 27. Nxf6+
Bxf6 28. Rxf6 Rxe2 29. Rxd6 Kg7 30. Rf2 Re1+ 31. Kh2 Bxa4 32. Rxe6 Re8 33. Rb6
Re7 34. Bxb7 a5 35. Bd5 Be8 36. g5 h5 37. Bf3 e4 38. Be2 e3 39. Rg2 Bg6 40. Kg3
Be4 41. Rh2 Rg1+ 42. Kf4 Bg6 43. Bf3 Rf1 44. Re2 Re4+ 45. Kg3 Re5 46. Bg2 Rf7
47. h4 Bd3 48. Re1 e2 49. Rb7 Rxb7 50. Bxb7 Kg6 51. Bf3 Bc4 52. Kf4 Rf5+ 53.
Kg3 Re5 54. Kf4 Re8 55. Be4+ Kg7 56. Bf3 Kg6 57. Be4+ Kg7 58. Bf3 1/2-1/2

[Event "Cto Aragón Eq Play-off Preferente"]
[Site "Aragón"]
[Date "2016.04.09"]
[Round "10.22"]
[White "Ereza Vizcarra, Fernando"]
[Black "Citoler Serrat, Adriano"]
[Result "1/2-1/2"]
[WhiteElo "1937"]
[BlackElo "1936"]
[PlyCount "131"]
[EventDate "2016.04.09"]
[WhiteTeam "Jaque"]
[BlackTeam "Monzon"]

1. d4 Nf6 2. Nf3 e6 3. e3 c5 4. Bd3 Nc6 5. Nbd2 d5 6. b3 cxd4 7. exd4 Bd6 8.
Bb2 Bd7 $6 (8... O-O $11 {con idea de jugar el alfil por b7}) 9. a3 a6 10. Ne5
Rc8 11. f4 b5 12. Qe2 Qb6 13. Ndf3 Ne7 $2 (13... O-O $14) 14. Ng5 $1 Bxe5 {el
mal menor} 15. fxe5 Ne4 16. Nxe4 dxe4 17. Qxe4 $18 Bc6 18. Qg4 g6 19. O-O h5
20. Qf4 Nf5 21. h3 h4 22. Rf2 Rc7 23. Be4 $6 (23. c4 bxc4 24. bxc4 $18) 23...
Bxe4 24. Qxe4 O-O 25. Rd1 Rd8 26. Rfd2 Rcd7 27. Kh2 b4 28. axb4 Qxb4 29. Rd3 a5
30. Qe1 Qb6 31. Qd2 a4 32. Ba1 axb3 33. Rxb3 Qc6 34. c3 Ra8 35. Rdb1 Rda7 36.
Rb8+ Kg7 37. Rxa8 Qxa8 38. Bb2 Ra2 39. c4 Qe4 40. Ra1 Rxa1 41. Bxa1 Ne3 (41...
Qb1 $5 42. Bc3 ({si} 42. Qb2 Qf1 43. Qb3 Ng3 $19) 42... Ng3 43. Qe1 Qd3 $11)
42. Qf2 Nxc4 43. Qf3 $6 {entrando en un final difícil para las blancas} (43.
Qf6+ Kg8 44. Qd8+ Kg7 45. Qf6+ {y tablas}) 43... Qxf3 44. gxf3 g5 45. Kg2 Ne3+
46. Kf2 Nd5 47. Kg2 $19 (47. Bb2 Nf4 48. Kf1 Nxh3 49. Bc1 $11 {difícil de
calcular}) 47... Kg6 48. Bb2 Nf4+ 49. Kh2 Kf5 (49... Ne2 {dominando el alfil}
50. Kg2 Kf5 51. Kf2 Nf4 52. Kg1 Nxh3+ $18) 50. Ba3 f6 $2 {después de esta
jugada la partida es tablas} (50... Nd3 {aún había tiempo}) 51. exf6 Kxf6 52.
Bd6 Kf5 53. Bc7 Nd3 54. Kg2 Ne1+ 55. Kf2 Nd3+ 56. Kg2 Nb4 57. Bd6 Nc6 58. Bc5
Kf4 59. Kf2 Na5 60. Bd6+ Kf5 61. Bc7 Nc6 62. Bb6 Nb4 63. Bd8 Nd3+ 64. Kg2 Nf4+
65. Kh2 Ne2 66. Bb6 1/2-1/2

[Event "Cto Aragón Eq Play-off Preferente"]
[Site "Aragón"]
[Date "2016.04.09"]
[Round "10.23"]
[White "Barranco Mananet, Fernando"]
[Black "Uldemolins Nivela, Mateo"]
[Result "0-1"]
[WhiteElo "1837"]
[BlackElo "1922"]
[PlyCount "118"]
[EventDate "2016.04.09"]
[WhiteTeam "Monzon"]
[BlackTeam "Jaque"]

1. d4 d5 2. c4 c6 3. Nc3 Nf6 4. Bg5 Ne4 5. Nxe4 dxe4 6. e3 $4 (6. Qd2 $11) 6...
Qa5+ 7. Qd2 Qxg5 8. Ne2 Nd7 9. Ng3 Nf6 10. Be2 Bg4 11. O-O Bxe2 12. Qxe2 g6 13.
Rfd1 Bg7 14. b4 O-O 15. Rab1 Rfd8 16. h3 e5 17. b5 exd4 18. Rxd4 Rxd4 19. exd4
c5 20. d5 Re8 21. Rb3 e3 22. Rxe3 Rxe3 23. Qxe3 Qxe3 24. fxe3 Kf8 25. Kf2 Ke7
26. Ke2 Ne8 27. Kd3 Nd6 28. a4 Be5 29. Nf1 Kf6 30. Nd2 Kf5 31. g4+ Kg5 32. Nf3+
Kf6 33. e4 {amenaza g5} Bf4 34. a5 h6 35. a6 bxa6 36. bxa6 Ne8 37. Kc3 Ke7 38.
e5 Kd7 39. Kb3 Kc7 40. Ka4 Kb6 41. h4 Kxa6 42. Kb3 Kb6 43. Ka4 f6 44. e6 Nd6
45. Kb3 a5 46. Ng1 a4+ 47. Kxa4 Nxc4 48. e7 Nd6 49. Ne2 Be5 50. Nc1 Kc7 51. Nd3
Bd4 52. Nf4 g5 53. hxg5 hxg5 54. Ng6 Kd7 55. Kb3 Nc8 56. Kc4 Nxe7 57. Nf8+ Kd6
58. Ne6 Nxd5 59. Nxd4 Ne3+ 0-1

[Event "Cto Aragón Eq Play-off Preferente"]
[Site "Aragón"]
[Date "2016.04.09"]
[Round "10.24"]
[White "Escartin Lacasa, Jose"]
[Black "Garreta Nieto, Maria"]
[Result "1-0"]
[WhiteElo "1841"]
[BlackElo "1615"]
[PlyCount "53"]
[EventDate "2016.04.09"]
[WhiteTeam "Jaque"]
[BlackTeam "Monzon"]

1. d4 d5 2. Nf3 Nf6 3. Bf4 e6 4. e3 c5 5. c3 Nc6 6. Nbd2 Bd6 7. Bg3 b6 8. Bd3
O-O 9. Ne5 Bb7 10. f4 Qc7 11. Ndf3 Rac8 12. Ng5 c4 13. Bc2 Ne7 14. Bf2 Nf5 $6 (
14... h6 15. Ngf3 Ne4 16. Bxe4 dxe4 17. Nd2 Bd5 $17) 15. g4 Ne7 16. h4 g6 $2 {
permite la apertura de lineas contra el rey} (16... b5 17. Qb1 Ne4 18. Nxe4
dxe4 19. Bxe4 f6 20. Nf3 f5 21. gxf5 exf5 22. Bxb7 Qxb7 23. Qd1 $44 {con
compensación por el peón entregado por ejemplo} Nd5 24. O-O Rf6 25. Kh2 b4) 17.
h5 Kg7 18. Nexf7 $1 Qd7 19. Ne5 Bxe5 20. dxe5 Ne8 21. hxg6 h6 22. Nh7 Rh8 23.
Nf6 Qc7 24. g5 Nf5 25. Bxf5 exf5 26. gxh6+ Kf8 27. Qh5 1-0

[Event "Cto Aragón Eq Play-off Preferente"]
[Site "Aragón"]
[Date "2016.04.09"]
[Round "10.25"]
[White "Lopez Caudevilla, David"]
[Black "Jaques Burguete, Raul"]
[Result "1-0"]
[WhiteElo "2031"]
[BlackElo "2011"]
[PlyCount "61"]
[EventDate "2016.04.09"]
[WhiteTeam "Actur Rey Fernando"]
[BlackTeam "St. Casablanca D"]

1. e4 Nc6 2. Nc3 e5 3. g3 Nf6 4. Bg2 Bc5 5. Nf3 d6 6. O-O Bg4 7. h3 Bh5 8. d3
Qd7 9. Kh2 O-O-O 10. Bg5 h6 11. Bxf6 gxf6 12. Nd5 Qe6 13. c3 f5 14. b4 Bb6 15.
a4 a5 16. bxa5 Bxa5 17. Qb3 fxe4 18. dxe4 Ne7 19. Rab1 b6 20. Qc4 Nxd5 21. exd5
Qe7 22. Rb5 f5 23. Rfb1 f4 24. Rxa5 bxa5 25. Qa6+ Kd7 26. Qc6+ Kc8 27. Rb7 Be8
28. Qa6 Qh7 29. h4 fxg3+ 30. fxg3 Qc2 31. Rb2+ 1-0

[Event "Cto Aragón Eq Play-off Preferente"]
[Site "Aragón"]
[Date "2016.04.09"]
[Round "10.26"]
[White "Antonano Fedz-Quincoces, Aveli"]
[Black "Aviol Perez, Jose Mariano"]
[Result "1/2-1/2"]
[WhiteElo "2006"]
[BlackElo "1821"]
[PlyCount "122"]
[EventDate "2016.04.09"]
[WhiteTeam "St. Casablanca D"]
[BlackTeam "Actur Rey Fernando"]

1. e4 d6 2. d4 Nf6 3. Nc3 g6 4. Be3 c6 5. h3 Bg7 6. g4 O-O 7. Bg2 e5 8. Nge2 b5
9. Ng3 exd4 10. Bxd4 b4 11. Nce2 Bb7 12. O-O Qc7 13. c3 a5 14. a3 c5 15. Be3
Re8 16. cxb4 axb4 17. f3 Nc6 18. Qc1 Nd7 19. Rd1 Nb6 20. Bf4 Red8 21. Rb1 Ba6
22. Qxc5 dxc5 23. Bxc7 Rxd1+ 24. Rxd1 Nc4 25. axb4 Nxb2 26. Rb1 cxb4 27. Bd6
Rd8 28. e5 Nxe5 29. Bxb4 Ned3 30. Bc3 Bc4 31. Bxg7 Kxg7 32. Nc3 Bb3 33. Bf1 Bc2
34. Ra1 Nc4 35. Nge4 Ne3 36. Nf2 Nf4 37. Re1 Nxf1 38. Kxf1 Rd2 39. Ne2 Bd3 40.
Nxd3 Nxd3 41. Ra1 Kh6 42. h4 Kg7 43. Ra5 Rd1+ 44. Kg2 Rd2 45. Kf1 Kf6 46. Ra6+
Ke7 47. Ra7+ Kf8 48. Ra8+ Kg7 49. Ra5 h6 50. Rb5 Kf8 51. Ra5 f6 52. Ra7 h5 53.
gxh5 gxh5 54. Rh7 Kg8 55. Ra7 Ne5 56. Ra3 Ng6 57. Ra4 Kf7 58. Ng3 Ne5 59. Nxh5
Nxf3 60. Rf4 Kg6 61. Nxf6 Nxh4 1/2-1/2

[Event "Cto Aragón Eq Play-off Preferente"]
[Site "Aragón"]
[Date "2016.04.09"]
[Round "10.27"]
[White "Fernandez Sierra, Pedro Jose"]
[Black "Alvarez Gonzalo, Miguel Angel"]
[Result "0-1"]
[WhiteElo "1670"]
[BlackElo "1896"]
[PlyCount "78"]
[EventDate "2016.04.09"]
[WhiteTeam "Actur Rey Fernando"]
[BlackTeam "St. Casablanca D"]

1. e4 c5 2. Nf3 Nf6 3. Nc3 d6 4. d4 cxd4 5. Nxd4 a6 6. f3 e5 7. Nb3 Be6 8. Be3
b5 9. Qd2 Nbd7 10. O-O-O Be7 11. g4 Nb6 12. g5 Nfd7 13. Nd5 Bxd5 14. exd5 Rc8
15. Kb1 O-O 16. h4 Nc4 17. Qf2 a5 18. Nd2 a4 19. Nxc4 bxc4 20. Bh3 Rb8 21. Bxd7
Qxd7 22. c3 a3 23. Rd2 axb2 24. Rxb2 Qf5+ 25. Ka1 Rxb2 26. Kxb2 Rb8+ 27. Ka1
Bd8 28. Rc1 Ba5 29. Bd2 Bb6 30. Be3 Ba5 31. Bd2 Bb6 32. Be3 Ba5 33. Bd2 Qd7 34.
Rb1 Rxb1+ 35. Kxb1 Qb5+ 36. Ka1 Qxd5 37. Qa7 g6 38. Qb8+ Kg7 39. Qa7 Qxd2 0-1

[Event "Cto Aragón Eq Play-off Preferente"]
[Site "Aragón"]
[Date "2016.04.09"]
[Round "10.28"]
[White "Arjol Lopez, Daniel"]
[Black "Arbiol Val, Sergio"]
[Result "1-0"]
[WhiteElo "1836"]
[BlackElo "1552"]
[PlyCount "61"]
[EventDate "2016.04.09"]
[WhiteTeam "St. Casablanca D"]
[BlackTeam "Actur Rey Fernando"]

1. e4 e5 2. Nf3 Nc6 3. Nc3 Nf6 4. d4 exd4 5. Nxd4 Bb4 6. Nxc6 bxc6 7. Bd3 O-O
8. O-O Re8 9. Re1 d5 10. exd5 cxd5 11. Bg5 Be6 12. Bb5 Rf8 13. Qf3 Rb8 14. Bd3
Be7 15. Nb5 Qd7 16. Qe2 c5 17. Rad1 Qb7 18. c4 Bd8 19. Bxf6 Bxf6 20. cxd5 Bxd5
21. Nd6 Qxb2 22. Qh5 g6 23. Qxd5 Bd4 24. Re2 Qa3 25. Bc4 Rbd8 26. Re7 Qa4 27.
Bb3 Qa6 28. Rxf7 Kh8 29. Rxf8+ Rxf8 30. Rxd4 cxd4 31. Qe5+ 1-0